000 01880nam a2200253Ia 4500
999 _c51922
_d51922
001 18922
003 GE_BSU
005 20210423171019.0
008 181216s2013||||ge |||||||||||||| ||geo||
040 _cGE_BSU
041 _ageo
080 _a63 დ-90
100 _aდუმბაძე, ნათელა
_911584
245 _aჩაის პლანტაციების მძიმედ გასხვლის სამანქანო ტექნოლოგიისა და ტექნიკური საშუალებების დამუშავება მცირე ენერგეტიკის ბაზაზე /
_cნათელა დუმბაძე; სამეცნიერო ხელმძღვანელი ი. ძირკვაძე, ზ. მახარობლიძე; ბათუმის შოთა რუსთაველის სახ-ფო უნ-ტი.
264 _aბათუმი,
_c2013.
300 _a132 გვ. ;
_b30 სმ.
653 _aდისერტაცია
653 _aსოფლის მეურნეობა
653 _aჩაის პლანტაციების მძიმედ გასხვლის სამანქანო ტექნოლოგიისა და ტექნიკური საშუალებების დამუშავება მცირე ენერგეტიკის ბაზაზე.
700 _aძირკვაძე, ი.
_eსამეცნიერო ხელმძღვანელი
_91806
700 _aმახარობლიძე, ზ.
_eსამეცნიერო ხელმძღვანელი
_911585
710 _aბათუმის შოთა რუსთაველის სახ-ფო უნ-ტი
_911586
942 _cBK
_2udc